| 000 | 00651nam a2200193Ia 4500 | ||
|---|---|---|---|
| 003 | LDD | ||
| 008 | 190117s9999 xx 000 0 und d | ||
| 020 |
_a8177790552 _c₹250 |
||
| 040 | _cLDD | ||
| 041 | _ahi | ||
| 082 | _a8H3.7 या4668रा-2 | ||
| 100 | _aयादव, राजेंद्र | ||
| 245 | 0 |
_aराजेंद्र यादव की प्रतिनिधि कहानीयाँ _cराजेंद्र यादव |
|
| 250 | _aदूसरा संसकरण | ||
| 260 |
_aइलाहबाद _bसाहित्य भण्डार _c2014 |
||
| 300 | _a155p. | ||
| 901 | _aKGP | ||
| 942 |
_2ddc _cH |
||
| 999 |
_c167706 _d167706 |
||